Escuchando música en grupo. Audición musical y dinámicas grupales /
Gespeichert in:
| 1. Verfasser: | |
|---|---|
| Format: | Buch |
| Sprache: | Spanish |
| Veröffentlicht: |
Bogotá, Colombia
Dimensión Educativa
|
| Ausgabe: | 1era. edición |
| Schlagworte: | |
| Tags: |
Tag hinzufügen
Keine Tags, Fügen Sie den ersten Tag hinzu!
|
MARC
| LEADER | 00000nam a22000007a 4500 | ||
|---|---|---|---|
| 003 | cru CIDCACS/IIS | ||
| 005 | 20221026103905.0 | ||
| 008 | 170421b1986 ck ao||| |||||||| ||spa d | ||
| 040 | |c cru CIDCACS/IIS | ||
| 090 | |a 06.05.03 M668e | ||
| 100 | 1 | |9 4335 |a Miñana, Carlos |e Autor | |
| 245 | 1 | 0 | |a Escuchando música en grupo. |b Audición musical y dinámicas grupales / |c Carlos Miñana Blasco |
| 250 | |a 1era. edición | ||
| 260 | |a Bogotá, Colombia |b Dimensión Educativa | ||
| 300 | |a 206 páginas | ||
| 500 | |a Colección Alforja | ||
| 650 | 1 | 0 | |9 4338 |a MUSICA |
| 650 | 1 | 0 | |9 4339 |a VIDA COTIDIANA |
| 650 | 1 | 0 | |9 4076 |a MÉTODOS PEDAGÓGICOS |
| 650 | 1 | 0 | |9 196 |a COMUNICACIÓN |
| 650 | 1 | 0 | |9 2959 |a RADIO |
| 650 | 1 | 0 | |9 1436 |a TRABAJO EN GRUPO |
| 650 | 1 | 0 | |9 3366 |a GRUPOS DE INTERESES |
| 942 | |2 ddc |c LI | ||
| 999 | |c 19214 |d 19214 | ||
